000 00639naa a2200205 4500
001 153831
003 ES-MaBCM
005 20241016185731.0
008 071213s2007 fra|r0p 0 ||fre d
021 _axx
035 _a(OCoLC)1365116470
040 _cES-MaBCM
100 1 _aLafond, Sylvie
_981931
245 0 0 _aLes incidences externes sur la fiscalité des groupes de sociétés
_cSylvie Lafond
650 2 7 _aGrupo de empresas
_958835
650 2 4 _aUnión Europea
_952895
650 2 7 _aFiscalidad
_960048
773 0 _aEn:
_tLa revue administrative
_dParis
_w104665
_g60e. année, nº 358 (juil. 2007), p. 365-375
942 _cAREV
999 _c153831
_d153831